Novell NetWare version 3.11 : print server.
Αποθηκεύτηκε σε:
| Συγγραφή απο Οργανισμό/Αρχή: | |
|---|---|
| Μορφή: | Βιβλίο |
| Γλώσσα: | English |
| Δημοσίευση: |
South Provo, Ut. :
Novell,
c1991.
|
| Θέματα: | |
| Ετικέτες: |
Προσθήκη ετικέτας
Δεν υπάρχουν, Καταχωρήστε ετικέτα πρώτοι!
|
MARC
| LEADER | 00000cam a2200000 i 4500 | ||
|---|---|---|---|
| 001 | 1/9512 | ||
| 008 | 000816s1991 utu| ||| |||| ||eng|| | ||
| 035 | |l 10063080 | ||
| 040 | |a GR-MyUa |b gre |e AACR2 | ||
| 041 | 0 | |a eng | |
| 082 | 7 | |a 005.43 |2 (22) | |
| 110 | 2 | |a Novell, Inc. | |
| 245 | 1 | 0 | |a Novell NetWare version 3.11 : |b print server. |
| 246 | 3 | 3 | |a NetWare. |
| 260 | |a South Provo, Ut. : |b Novell, |c c1991. | ||
| 300 | |a viii, 178 σ. ; |c 23 εκ. | ||
| 500 | |a Περιλαμβάνει ευρετήριο. | ||
| 630 | 0 | 0 | |a NetWare. |
| 650 | 0 | |a Operating systems (Computers) | |
| 852 | |a INST |b CHIOS |e 20000816 |h 005.43 NOV |p 005200017944 |q 005200017944 |t BK |y 0 | ||
| 901 | |a BIBL2-2000-2 | ||
| 970 | |z 2000/08/ΔΕΜΕΝΑΓΑΣ | ||